[Event "Mittelrhein Verbandsliga Nord 1920"]
[Site "Mittelrhein"]
[Date "2019.09.29"]
[Round "1.6"]
[White "Pericic, Boris"]
[Black "Wiedermann, Lars"]
[Result "1-0"]
[WhiteElo "1905"]
[BlackElo "1599"]
[PlyCount "65"]
[EventDate "2019.09.29"]
[EventType "team-tourn"]
[EventRounds "9"]
[EventCountry "GER"]
[SourceTitle "EXT 2023"]
[Source "ChessBase"]
[SourceDate "2022.10.05"]
[SourceVersion "1"]
[SourceVersionDate "2022.10.05"]
[SourceQuality "1"]
[WhiteTeam "Klub Koelner SF III"]
[BlackTeam "Eikamp Freibauer"]
[WhiteTeamCountry "GER"]
[BlackTeamCountry "GER"]

1. e4 e5 2. Nf3 Nc6 3. Bb5 a6 4. Ba4 b5 5. Bb3 d6 6. c3 Be6 7. d4 Bxb3 8. Qxb3 h6 9. a4 Na5 10. Qc2 Nc6 11. Qe2 b4 12. Nbd2 bxc3 13. bxc3 exd4 14. cxd4 Be7 15. 0-0 Nf6 16. d5 Ne5 17. Nd4 0-0 18. f4 Ned7 19. Nc6 Qe8 20. Ba3 Nc5 21. Bxc5 dxc5 22. Qc4 Qd7 23. Nf3 Rfe8 24. Rad1 Bf8 25. Nfe5 Qd6 26. Nxf7 Kxf7 27. e5 Qd7 28. Rfe1 Nxd5 29. Rxd5 Qe6 30. f5 Qxf5 31. Rf1 Kg6 32. Rxf5 Kxf5 33. g4+ 1-0

[Event "Cologne Longerich op 3rd"]
[Site "Cologne"]
[Date "2004.07.10"]
[Round "3"]
[White "Wiedermann, Lars"]
[Black "Zilberman, Rodion"]
[Result "0-1"]
[WhiteElo "1651"]
[BlackElo "1879"]
[PlyCount "80"]
[EventDate "2004.06.26"]
[EventType "swiss"]
[EventRounds "7"]
[EventCountry "GER"]
[SourceTitle "EXT 2006"]
[Source "ChessBase"]
[SourceDate "2005.11.24"]
[SourceVersion "1"]
[SourceVersionDate "2005.11.24"]
[SourceQuality "1"]

1. e4 g6 2. d4 Bg7 3. Nf3 d6 4. Bb5+ c6 5. Ba4 Nf6 6. Nbd2 Qa5 7. c3 Bg4 8. b4 Qc7 9. Bc2 Nbd7 10. h3 Bxf3 11. Nxf3 c5 12. bxc5 dxc5 13. 0-0 0-0 14. Bg5 e6 15. Qd2 Rac8 16. e5 Nd5 17. Be4 N7b6 18. Rab1 cxd4 19. cxd4 Nc3 20. Rbc1 Nxe4 21. Qd3 Nc3 22. Bd2 Nbd5 23. Rxc3 Nxc3 24. Rc1 Qc4 25. Qxc3 Qxc3 26. Rxc3 Rxc3 27. Bxc3 Rc8 28. Bb4 Bf8 29. Bxf8 Kxf8 30. Ng5 h6 31. Ne4 Rd8 32. Nd6 Rxd6 33. exd6 Ke8 34. f4 Kd7 35. Kf2 Kxd6 36. Ke3 Kd5 37. g4 b5 38. h4 h5 39. f5 exf5 40. gxf5 b4 0-1